Μετάβαση στο περιεχόμενο

О модификации одного динамического алгоритма, гарантирующего восстановление управления в динамической системе с вырожденной матрицей Статья

Αποθηκεύτηκε σε:
Λεπτομέρειες βιβλιογραφικής εγγραφής
Κύριος συγγραφέας: Рублева С.С
Μορφή: Статья
Διαθέσιμο Online:https://znanium.com/catalog/document?id=187857
https://znanium.com/cover/0499/499462.jpg
Ετικέτες: Προσθήκη ετικέτας
Δεν υπάρχουν, Καταχωρήστε ετικέτα πρώτοι!
LEADER 01261nam0a2200217 i 4500
001 RU\infra-m\znanium\bibl\499462
003 https://znanium.com/catalog/document?id=187857
005 20200219000000.0
100 |a 20200219d2014 m y0rusy0150 ca 
101 0 |a rus 
102 |a RU 
200 1 |a О модификации одного динамического алгоритма, гарантирующего восстановление управления в динамической системе с вырожденной матрицей  |e Статья 
210 1 |a Ижевск  |c ФГБОУ ВПО "Удмуртский Государственный университет"  |d 2008 
215 |a 3 с. 
333 |a Аспирантура 
606 |a Физико-математические науки  |x Математика  |2 local 
608 |a Статья  |2 local 
700 1 |a Рублева  |b С.С. 
801 0 |a RU  |b Общество с ограниченной ответственностью «ЗНАНИУМ»  |c 20141211  |2 rusmarc 
856 4 |a znanium.com  |m ebs_support@infra-m.ru  |n НИЦ ИНФРА-М  |u https://znanium.com/catalog/document?id=187857 
856 4 1 |a znanium.com  |d /cover/0499  |f 499462.jpg  |q image/jpeg  |u https://znanium.com/cover/0499/499462.jpg